Computational fractional dynamical systems : (Record no. 19343)
[ view plain ]
| 000 -LEADER | |
|---|---|
| fixed length control field | 00780nam a22001937a 4500 |
| 008 - FIXED-LENGTH DATA ELEMENTS--GENERAL INFORMATION | |
| fixed length control field | 240223b ||||| |||| 00| 0 eng d |
| 020 ## - INTERNATIONAL STANDARD BOOK NUMBER | |
| International Standard Book Number | 978-1-11969695-7 (hardback) |
| 082 ## - DEWEY DECIMAL CLASSIFICATION NUMBER | |
| Edition number | 2023 |
| Classification number | DC 515.35 |
| Item number | C349 |
| 100 ## - MAIN ENTRY--PERSONAL NAME | |
| Personal name | Chakraverty, Snehashish, author. |
| 9 (RLIN) | 53267 |
| 245 ## - TITLE STATEMENT | |
| Title | Computational fractional dynamical systems : |
| Remainder of title | fractional differential equations and applications / |
| Statement of responsibility, etc. | Snehashish Chakraverty, Rajarama Mohan Jena, Subrat Kumar Jena. |
| 260 ## - PUBLICATION, DISTRIBUTION, ETC. (IMPRINT) | |
| Place of publication, distribution, etc. | Hoboken, NJ : |
| Name of publisher, distributor, etc. | Wiley, |
| Date of publication, distribution, etc. | 2023. |
| 300 ## - PHYSICAL DESCRIPTION | |
| Extent | 249 pages : |
| Other physical details | illustrations ; |
| Dimensions | 28 cm. |
| 500 ## - GENERAL NOTE | |
| General note | Includes index.<br/> |
| 650 ## - SUBJECT ADDED ENTRY--TOPICAL TERM | |
| Topical term or geographic name as entry element | Fractional differential equations. |
| 9 (RLIN) | 53268 |
| 700 ## - ADDED ENTRY--PERSONAL NAME | |
| Personal name | Jena, Rajarama Mohan, author. |
| 9 (RLIN) | 53269 |
| 700 ## - ADDED ENTRY--PERSONAL NAME | |
| Personal name | Jena, Subrat Kumar, author. |
| 9 (RLIN) | 53270 |
| 365 ## - TRADE PRICE | |
| Price amount | 12,150.00 |
| Currency code | Php |
| 942 ## - ADDED ENTRY ELEMENTS (KOHA) | |
| Source of classification or shelving scheme | Dewey Decimal Classification |
| Koha item type | Circulation |
| Withdrawn status | Lost status | Source of classification or shelving scheme | Damaged status | Not for loan | Collection code | Home library | Current library | Date acquired | Source of acquisition | Cost, normal purchase price | Total Checkouts | Full call number | Barcode | Date last seen | Price effective from | Koha item type |
|---|---|---|---|---|---|---|---|---|---|---|---|---|---|---|---|---|
| Dewey Decimal Classification | Circulation | UM Digos College - LIC | UM Digos College - LIC | 07/19/2023 | Purchased | 12150.00 | DC 515.35 C349 2023 | 27821 | 05/15/2025 | 02/23/2024 | Circulation |
